Pedológia (vo svetle novších poznatkov)

Bibliographic Details
Main Author: Kobza, Jozef, 1952- (Author)
Format: Book
Language:Slovak
PhysicalDescription:171 s. fotogr. (prevažne fareb.), ilustr., mp., sch., tab. 24 cm
Published: Banská Bystrica Univerzita Mateja Bela, Fakulta prírodných vied Belianum 2013
ISBN:9788055706221
Edition:1. vyd.
Subjects:

MARC

LEADER 00000cam a2200000 a 4500
001 vtls010599180
003 SK-MaSNL
005 20260301174902.0
008 240313s2013 xo oab f n 000 0 slo
015 |a SNBA2014/08 
020 |a 9788055706221  |q (brož.) 
035 |a ACD31266-013A-40BB-93E4-C4E276987F8E 
035 |a urn:nbn:sk:snk-amk3xg 
035 |a urn:nbn:sk:snk-am005dso 
040 |a SNK  |b slo  |c SNK  |e AACR2 
041 0 |a slo 
043 |a e-xo--- 
044 |a xo  |c SK 
072 7 |a 631  |x Poľnohospodárstvo. Pedológia. Agrotechnika. Agroekológia  |2 konspekt 
080 |a 631.4  |2 2001 
080 |a 631.44  |2 2001 
080 |a 631.6.02  |2 2001 
080 |a 502.171:502.521  |2 2001 
080 |a 502.175  |2 2001 
080 |a (437.6)  |2 2001 
080 |a (048.8)  |2 2001 
100 1 |a Kobza, Jozef,  |d 1952-  |4 aut  |9 191017 
245 1 0 |a Pedológia (vo svetle novších poznatkov)  |c [Jozef Kobza] 
250 |a 1. vyd. 
260 |a Banská Bystrica  |b Univerzita Mateja Bela, Fakulta prírodných vied  |b Belianum  |c 2013 
300 |a 171 s.  |b fotogr. (prevažne fareb.), ilustr., mp., sch., tab.  |c 24 cm 
366 |e 100 výt. 
504 |a Bibliogr.: s. 165-171 
650 0 7 |a pedológia  |2 SNKPH  |9 1160 
650 0 7 |a pôda  |2 SNKPH  |9 1159 
650 0 7 |a ochrana pôdy  |2 SNKPH  |9 4189 
650 0 7 |a monitorovanie životného prostredia  |2 SNKPH  |9 3943 
650 0 7 |a Pedology  |2 SNKPHeng  |9 265460 
650 0 7 |a Soils  |2 SNKPHeng  |9 325606 
650 0 7 |a Soil protection  |2 SNKPHeng  |9 265461 
650 0 7 |a Environmental monitoring  |2 SNKPHeng  |9 304964 
655 7 |a monografie  |2 SNKPH  |9 70139 
655 7 |a Monographs  |2 SNKPHeng  |9 120675 
852 |a Štátna vedecká knižnica v Banskej Bystrici 
919 |a 978-80-557-0622-1 
958 |a NB 
999 |c 840969  |d 842899 
952 |a SNK  |b SNK  |y PREZ  |7 0  |p 17A1112373  |o snkSC 160036  |i snk2014/14147  |8 0  |0 0  |1 0  |4 0  |d 2014-06-19  |f 1  |l 0  |r 2025-08-22 00:00:00  |w 2026-02-24 
952 |a SNK  |b SNK  |y VYP  |7 0  |p 17A1112372  |o snkSC 160036 D1  |i snk2014/14148  |8 0  |0 0  |1 0  |4 0  |d 2014-06-19  |l 0  |r 2026-02-24 04:10:11  |w 2026-02-24